000
00325nam a2200133Ia 4500
003
GCL
008
140319s9999 xx 000 0 ara d
040
_a
GCL /
_c
GCL
082
0
4
_a
د
_b
050
100
1
_a
محمود عوض
245
1
0
_a
شخصيات (اقرا 412 ) /
_c
محمود عوض
300
_a
237
490
_a
اقرأ
_v
0
999
_c
48751
_d
48751